| 000 | 00618nam a22001937a 4500 | ||
|---|---|---|---|
| 001 | 837 | ||
| 005 | 20221127090030.0 | ||
| 008 | 050920s lxxua | 00100|eng d | ||
| 020 |
_a0205281591 : _cSR184.00 |
||
| 035 | _a850 | ||
| 082 | 0 | 4 |
_a378.12 _bB635 2000 |
| 100 | 1 | _aBoice, Robert. | |
| 245 | 1 | 0 |
_aAdvice for new faculty members : _bnihil nimus / _cRobert Boice. |
| 260 |
_aBoston, Mass. : _bAllyn and Bacon, _c2000. |
||
| 300 |
_axiv, 319 p. : _bill. ; _c23 cm. |
||
| 504 | _aIncludes bibl. references and index. | ||
| 650 | 4 |
_aCollege teachers _zUnited States. |
|
| 650 | 4 |
_aCollege personnel management _zUnited States. |
|
| 999 |
_c837 _d837 |
||